[Frič, Ivan]

Zobrazenie: Podobizeň lekárnika Ivana Friča. Účastník zhromaždenia, na ktorom bola prijatá Deklarácia slovenského národa.

Bibliographic Details
Format: Photo
Language:Slovak
PhysicalDescription:1 fotografia čb 10 x 7 cm
Published: [S.l. s.n. s.a.]
Subjects:

MARC

LEADER 00000nkmaa2200000 a 4500
001 vtls011765602
003 SK-MaSNL
005 20260302021455.0
007 kh bo
008 230802n xx | ||00 k|slo
035 |a 5EBB34AA-F312-4340-9C9C-8F10270ED6FD 
035 |a urn:nbn:sk:snk-km43iba 
035 |a urn:nbn:sk:snk-km00e5q9 
040 |a SNKLA  |b slo  |c SNKLA  |e AACR2 
041 0 |a slo 
245 0 0 |a [Frič, Ivan]  |h grafika 
260 |a [S.l.  |b s.n.  |c s.a.] 
300 |a 1 fotografia  |b čb  |c 10 x 7 cm 
520 2 |a Zobrazenie: Podobizeň lekárnika Ivana Friča. Účastník zhromaždenia, na ktorom bola prijatá Deklarácia slovenského národa. 
600 1 7 |a Frič, Ivan  |2 SNKLA  |9 665756 
655 7 |a portrétne fotografie  |2 SNKLA  |9 305796 
852 7 |a Slovenská národná knižnica  |b Literárny archív 
958 |a ZO 
958 |a BLA 
999 |c 1029023  |d 1030953 
952 |a SNKLA  |b SNKLA  |c SNKLA_DEP  |y NEVYP  |7 0  |p 17A1227472  |o snkSF 16/1  |0 0  |1 0  |4 0  |d 2018-07-09  |f 1  |l 0  |r 2026-02-24 13:49:09  |w 2026-02-24